[Event "4th ChessMates Murmansk 2020"]
[Site "Murmansk"]
[Date "2020.03.14"]
[Round "3.26"]
[White "Kataev, Aleksandr"]
[Black "Shilnikov, Anton"]
[Result "1/2-1/2"]
[WhiteElo "1978"]
[BlackElo "1769"]
[Annotator "TA"]
[PlyCount "56"]
[EventDate "2020.03.13"]
[EventType "team-tourn"]
[EventCountry "RUS"]
[SourceTitle "playchess.com"]
[Source "ChessBase"]
[SourceQuality "1"]

{[%evp 17,56,-11,1,-8,11,-17,13,-31,-35,-28,-19,-25,-21,-28,-39,-26,-27,-29,-17,-25,-22,-26,-26,-24,0,0,5,0,0,0,0,0,0,0,189,0,0,0,0,0,-345]} 1. d4 Nf6 2. c4 e6 3. Nc3 d5 4. Nf3 c6 5. e3 Nbd7 6. Bd3 dxc4 7. Bxc4 b5 8. Bd3 a6 9. O-O Bb7 10. b3 {D48: Semi-Slav: Meran System: 7...b5 8 Bd3 a6.} Be7 11. Bb2 O-O 12. Qe2 c5 13. Rfd1 Qb6 14. a4 {[%cal Ra4b5]} cxd4 15. Nxd4 {[%cal Ra4b5]} b4 16. Nb1 {[%cal Bc3b1,Bb1d2,Bd2c4][%mdl 32]} Nc5 {[#]} 17. Nd2 $146 ({Predecessor:} 17. Bc4 Rfd8 18. Nd2 Bd6 19. f3 Rd7 20. Qf2 Rad8 21. Rac1 Bb8 22. g3 e5 23. Nc2 {1-0 (90) Skuja,A (2190)-Liatukas,M (2167) Pardubice 2007}) 17... Nxd3 18. Nc4 Qc5 19. Rxd3 Rfd8 20. Rad1 Qg5 {[%csl Gb7][%cal Rg5g2] [#]} 21. f3 e5 22. h4 Qh5 23. g4 Nxg4 $1 24. fxg4 Qxh4 {[#] ( -> ...Qh1+)} 25. Nf5 $1 Qh1+ 26. Kf2 Bh4+ $1 {The position is equal.} 27. Nxh4 Qxh4+ 28. Kf1 {Threatens to win with Rxd8+.} Qh1+ $2 {[%mdl 40960] Accuracy: White = 86%, Black = 92%. . An unexpected result.} (28... Rxd3 $11 29. Rxd3 Be4) 1/2-1/2

[Event "4th ChessMates Murmansk 2020"]
[Site "Murmansk"]
[Date "2020.03.14"]
[Round "3.27"]
[White "Baranov, Ivan"]
[Black "Poliato, Irina"]
[Result "0-1"]
[WhiteElo "1671"]
[BlackElo "1588"]
[Annotator "NA RC"]
[PlyCount "118"]
[EventDate "2020.03.13"]
[EventType "team-tourn"]
[EventCountry "RUS"]
[SourceTitle "playchess.com"]
[Source "ChessBase"]
[SourceQuality "1"]
[TimeControl "5400+30"]

1. d4 {[%emt 0:00:00]} Nf6 {[%emt 0:00:00]} 2. c4 {[%emt 0:00:00]} e6 {[%emt 0:00:00]} 3. Nc3 {[%emt 0:00:51]} d5 {[%emt 0:00:00]} 4. Nf3 {[%emt 0:00:22]} Be7 {[%emt 0:00:00]} 5. e3 {[%emt 0:00:17]} O-O {[%emt 0:00:00]} 6. Be2 {[%emt 0:00:31]} c6 {[%emt 0:00:48]} 7. O-O {[%emt 0:00:22]} Nbd7 {[%emt 0:00:59]} 8. Qc2 {[%emt 0:00:13]} dxc4 {[%emt 0:02:39]} 9. Bxc4 {[%emt 0:02:11]} b5 {[%emt 0:05:01]} 10. Bd3 {[%emt 0:00:28]} Bb7 {[%emt 0:00:31]} 11. b3 {[%emt 0:11:36]} a6 {[%emt 0:03:08]} 12. Bb2 {[%emt 0:01:14]} c5 {[%emt 0:15:21]} 13. Qe2 {[%emt 0:06:36]} Qb6 {[%emt 0:03:02]} 14. Rfd1 {[%emt 0:04:19]} Rfd8 {[%emt 0:01:32]} 15. Rac1 {[%emt 0:16:13]} Rac8 {[%emt 0:00:25]} 16. dxc5 {[%emt 0:02:49]} Bxc5 {[%emt 0:08:06]} 17. h3 {[%emt 0:08:31]} h6 {[%emt 0:05:29]} 18. Bb1 {[%emt 0:14:40]} Bd6 {[%emt 0:02:15]} 19. Nd4 {[%emt 0:04:25]} Bb8 {[%emt 0:01:22]} 20. Nf3 {[%emt 0:06:56]} Ne5 {[%emt 0:11:36]} 21. Nxe5 {[%emt 0:01:13]} Rxd1+ {[%emt 0:01:01]} 22. Rxd1 {[%emt 0:00:49]} Bxe5 {[%emt 0:00:06]} 23. Nd5 {[%emt 0:04:25]} Nxd5 {[%emt 0:06:59]} 24. Bxe5 {[%emt 0:00:03]} f6 {[%emt 0:03:25]} 25. Bd4 {[%emt 0:01:07]} Qc6 {[%emt 0:01:51]} 26. f3 {[%emt 0:03:51]} Kf7 {[%emt 0:11:44]} 27. Qd3 {[%emt 0:01:39]} Ne7 {[%emt 0:00:06]} 28. Bb2 {[%emt 0:03:01]} Qb6 {[%emt 0:00:46]} 29. Qd4 {[%emt 0:00:58]} Qc7 {[%emt 0:03:59]} 30. e4 {[%emt 0:02:16]} Qf4 {[%emt 0:05:16]} 31. Ba3 {[%emt 0:01:49]} Bc6 {[%emt 0:01:59]} 32. Bd6 {[%emt 0:01:06]} Qg5 {[%emt 0:00:45]} 33. Qa7 {[%emt 0:00:56]} Re8 {[%emt 0:00:56]} 34. Qb6 {[%emt 0:00:41]} Rc8 {[%emt 0:00:37]} 35. Qa7 {[%emt 0:00:12]} Re8 {[%emt 0:00:51]} 36. h4 {[%emt 0:00:32]} Qxh4 {[%emt 0:00:55]} 37. Rc1 {[%emt 0:00:15]} f5 {[%emt 0:01:12]} 38. exf5 {[%emt 0:00:52]} Bxf3 {[%emt 0:01:20]} 39. Qf2 {[%emt 0:00:36]} Qxf2+ {[%emt 0:00:26]} 40. Kxf2 {[%emt 0:00:02]} Bd5 {[%emt 0:00:47]} 41. fxe6+ {[%emt 0:00:17]} Kxe6 {[%emt 0:00:15]} 42. Bxe7 {[%emt 0:01:06]} Rxe7 {[%emt 0:00:10]} 43. Kg3 {[%emt 0:00:31]} Kd6 {[%emt 0:00:48]} 44. Rd1 {[%emt 0:00:38]} Re2 {[%emt 0:00:31]} 45. Kh3 {[%emt 0:00:21]} Ke5 {[%emt 0:00:16]} 46. g3 {[%emt 0:00:21]} Be6+ {[%emt 0:00:44]} 47. g4 {[%emt 0:00:27]} h5 {[%emt 0:00:24]} 48. Kh4 {[%emt 0:00:44]} hxg4 {[%emt 0:00:40]} 49. Rc1 {[%emt 0:00:33]} Kf4 {[%emt 0:01:02]} 50. Rf1+ {[%emt 0:00:03]} Ke3 {[%emt 0:00:28]} 51. Kg3 {[%emt 0:00:27]} Bd5 {[%emt 0:01:01]} 52. Kxg4 {[%emt 0:00:51]} Rg2+ {[%emt 0:00:05]} 53. Kh4 {[%emt 0:00:39]} g5+ {[%emt 0:00:14]} 54. Kh5 {[%emt 0:00:22]} Bf3+ {[%emt 0:00:27]} 55. Kh6 {[%emt 0:00:20]} g4 {[%emt 0:00:12]} 56. Kg5 {[%emt 0:00:08]} g3 {[%emt 0:00:54]} 57. Kh4 {[%emt 0:00:11]} Kf4 {[%emt 0:00:23]} 58. Rh1 {[%emt 0:00:47]} Rh2+ {[%emt 0:00:05]} 59. Rxh2 {[%emt 0:00:06]} gxh2 {[%emt 0:00:03]} 0-1

[Event "4th ChessMates Murmansk 2020"]
[Site "Murmansk"]
[Date "2020.03.14"]
[Round "3.28"]
[White "Khmil, Fedor"]
[Black "Chervyakova, Tatiana"]
[Result "1/2-1/2"]
[WhiteElo "1470"]
[BlackElo "1489"]
[Annotator "NA RC"]
[PlyCount "49"]
[EventDate "2020.03.13"]
[EventType "team-tourn"]
[EventCountry "RUS"]
[SourceTitle "playchess.com"]
[Source "ChessBase"]
[SourceQuality "1"]
[TimeControl "5400+30"]

1. e4 {[%emt 0:00:00]} c5 {[%emt 0:00:00]} 2. Nf3 {[%emt 0:00:00]} Nc6 {[%emt 0:00:09]} 3. d4 {[%emt 0:00:00]} cxd4 {[%emt 0:00:18]} 4. Nxd4 {[%emt 0:00:00]} g6 {[%emt 0:00:12]} 5. Nc3 {[%emt 0:00:01]} Bg7 {[%emt 0:00:20]} 6. Be3 {[%emt 0:00:11]} Nf6 {[%emt 0:00:07]} 7. f3 {[%emt 0:00:08]} O-O {[%emt 0:00:08]} 8. Qd2 {[%emt 0:00:08]} d5 {[%emt 0:00:35]} 9. O-O-O {[%emt 0:04:58]} dxe4 {[%emt 0:11:45]} 10. Nxc6 {[%emt 0:06:08]} Qxd2+ {[%emt 0:00:11]} 11. Bxd2 {[%emt 0:00:36]} bxc6 {[%emt 0:00:11]} 12. Nxe4 {[%emt 0:01:16]} Nxe4 {[%emt 0:00:34]} 13. fxe4 {[%emt 0:00:05]} Bg4 {[%emt 0:01:00]} 14. Re1 {[%emt 0:00:04]} Rfd8 {[%emt 0:00:34]} 15. Ba5 {[%emt 0:06:58]} Rd4 {[%emt 0:07:11]} 16. Bc3 {[%emt 0:02:42]} Bh6+ {[%emt 0:04:20]} 17. Kb1 {[%emt 0:00:10]} Rd7 {[%emt 0:01:59]} 18. Bc4 {[%emt 0:01:02]} Rad8 {[%emt 0:14:09]} 19. Rhf1 {[%emt 0:03:43]} Be6 {[%emt 0:02:18]} 20. Bxe6 {[%emt 0:00:36]} fxe6 {[%emt 0:00:07]} 21. Ba5 {[%emt 0:04:51]} Rf8 {[%emt 0:03:22]} 22. a3 {[%emt 0:08:45]} Bg7 {[%emt 0:05:24]} 23. Kc1 {[%emt 0:04:20]} Bh6+ {[%emt 0:00:13]} 24. Kb1 {[%emt 0:00:05]} Bg7 {[%emt 0:00:05]} 25. Kc1 {[%emt 0:00:57]} 1/2-1/2

[Event "4th ChessMates Murmansk 2020"]
[Site "Murmansk"]
[Date "2020.03.14"]
[Round "3.29"]
[White "Filimonov, Viktor"]
[Black "Rombalskiy, Ivan"]
[Result "1-0"]
[WhiteElo "1481"]
[BlackElo "1298"]
[Annotator "NA RC"]
[PlyCount "99"]
[EventDate "2020.03.13"]
[EventType "team-tourn"]
[EventCountry "RUS"]
[SourceTitle "playchess.com"]
[Source "ChessBase"]
[SourceQuality "1"]
[TimeControl "5400+30"]

1. d4 {[%emt 0:00:00]} d5 {[%emt 0:00:00]} 2. Nf3 {[%emt 0:00:00]} Nf6 {[%emt 0:00:06]} 3. c4 {[%emt 0:00:10]} e6 {[%emt 0:00:05]} 4. Nc3 {[%emt 0:00:12]} c5 {[%emt 0:00:22]} 5. cxd5 {[%emt 0:01:44]} Nxd5 {[%emt 0:00:45]} 6. e3 {[%emt 0:02:29]} Be7 {[%emt 0:02:52]} 7. Be2 {[%emt 0:03:04]} O-O {[%emt 0:00:37]} 8. O-O {[%emt 0:00:55]} b6 {[%emt 0:03:03]} 9. Qb3 {[%emt 0:05:48]} Bb7 {[%emt 0:02:44]} 10. dxc5 {[%emt 0:02:30]} Bxc5 {[%emt 0:01:05]} 11. Rd1 {[%emt 0:02:53]} Qe7 {[%emt 0:04:22]} 12. a3 {[%emt 0:07:32]} Nd7 {[%emt 0:03:06]} 13. Nxd5 {[%emt 0:09:04]} Bxd5 {[%emt 0:00:23]} 14. Qd3 {[%emt 0:00:57]} Nf6 {[%emt 0:05:49]} 15. b4 {[%emt 0:06:47]} Bd6 {[%emt 0:01:49]} 16. Bb2 {[%emt 0:01:33]} Rfd8 {[%emt 0:02:30]} 17. Nd4 {[%emt 0:07:20]} Be4 {[%emt 0:07:49]} 18. Qb5 {[%emt 0:03:19]} Rac8 {[%emt 0:06:00]} 19. Rac1 {[%emt 0:03:47]} Bb7 {[%emt 0:08:10]} 20. Bf3 {[%emt 0:03:45]} Nd5 {[%emt 0:04:28]} 21. Qe2 {[%emt 0:04:34]} Qg5 {[%emt 0:08:50]} 22. g3 {[%emt 0:03:13]} h6 {[%emt 0:03:18]} 23. Bg2 {[%emt 0:01:04]} Bb8 {[%emt 0:08:23]} 24. b5 {[%emt 0:02:13]} Qe7 {[%emt 0:07:13]} 25. Nf3 {[%emt 0:03:42]} Bd6 {[%emt 0:02:06]} 26. a4 {[%emt 0:00:43]} Bc5 {[%emt 0:00:46]} 27. Ne5 {[%emt 0:01:22]} f6 {[%emt 0:05:07]} 28. Nf3 {[%emt 0:02:36]} Kf7 {[%emt 0:03:10]} 29. Nh4 {[%emt 0:01:55]} Kg8 {[%emt 0:00:19]} 30. Qg4 {[%emt 0:01:18]} Qf7 {[%emt 0:00:41]} 31. Qe2 {[%emt 0:01:26]} Qe7 {[%emt 0:00:17]} 32. Nf3 {[%emt 0:00:46]} Kf7 {[%emt 0:00:27]} 33. Nd4 {[%emt 0:00:25]} Kg8 {[%emt 0:01:35]} 34. Bh3 {[%emt 0:00:56]} Nc7 {[%emt 0:00:08]} 35. Qg4 {[%emt 0:02:07]} Kf7 {[%emt 0:00:29]} 36. Qh5+ {[%emt 0:01:52]} Kg8 {[%emt 0:00:12]} 37. Bg2 {[%emt 0:00:45]} Nd5 {[%emt 0:01:53]} 38. Qe2 {[%emt 0:01:32]} Kf7 {[%emt 0:00:15]} 39. Rc4 {[%emt 0:01:22]} Rd7 {[%emt 0:01:09]} 40. Rdc1 {[%emt 0:00:29]} Qe8 {[%emt 0:01:10]} 41. Nb3 {[%emt 0:00:54]} Bd6 {[%emt 0:01:58]} 42. Rxc8 {[%emt 0:00:12]} Bxc8 {[%emt 0:00:10]} 43. Qh5+ {[%emt 0:00:06]} g6 {[%emt 0:00:25]} 44. Qxh6 {[%emt 0:00:43]} Bb7 {[%emt 0:00:30]} 45. Bxd5 {[%emt 0:00:24]} Bxd5 {[%emt 0:00:18]} 46. Qh7+ {[%emt 0:00:06]} Kf8 {[%emt 0:00:17]} 47. Qh8+ {[%emt 0:00:22]} Kf7 {[%emt 0:00:06]} 48. Qxf6+ {[%emt 0:00:07]} Kg8 {[%emt 0:00:09]} 49. Qh8+ {[%emt 0:00:05]} Kf7 {[%emt 0:00:05]} 50. Qg7# {[%emt 0:00:04]} 1-0

[Event "4th ChessMates Murmansk 2020"]
[Site "Murmansk"]
[Date "2020.03.14"]
[Round "3.30"]
[White "Ivashevskiy, Artem"]
[Black "Simakov, Vadim"]
[Result "1/2-1/2"]
[WhiteElo "1233"]
[BlackElo "1605"]
[Annotator "NA RC"]
[PlyCount "65"]
[EventDate "2020.03.13"]
[EventType "team-tourn"]
[EventCountry "RUS"]
[SourceTitle "playchess.com"]
[Source "ChessBase"]
[SourceQuality "1"]
[TimeControl "5400+30"]

1. c4 {[%emt 0:00:00]} Nf6 {[%emt 0:00:00]} 2. Nc3 {[%emt 0:00:00]} d6 {[%emt 0:00:00]} 3. Nf3 {[%emt 0:00:00]} g6 {[%emt 0:00:00]} 4. g3 {[%emt 0:00:00]} Bg7 {[%emt 0:00:00]} 5. Bg2 {[%emt 0:00:02]} Nbd7 {[%emt 0:00:00]} 6. O-O {[%emt 0:00:09]} O-O {[%emt 0:00:06]} 7. d4 {[%emt 0:00:40]} Re8 {[%emt 0:01:51]} 8. Qc2 {[%emt 0:00:43]} e5 {[%emt 0:02:34]} 9. dxe5 {[%emt 0:00:35]} Nxe5 {[%emt 0:01:49]} 10. Nxe5 {[%emt 0:01:48]} dxe5 {[%emt 0:02:44]} 11. Rd1 {[%emt 0:01:29]} Qe7 {[%emt 0:01:13]} 12. Bg5 {[%emt 0:00:29]} c6 {[%emt 0:01:57]} 13. Ne4 {[%emt 0:09:20]} Bf5 {[%emt 0:01:39]} 14. Bxf6 {[%emt 0:00:15]} Bxf6 {[%emt 0:00:11]} 15. Nxf6+ {[%emt 0:00:38]} Qxf6 {[%emt 0:00:36]} 16. Be4 {[%emt 0:02:06]} Bxe4 {[%emt 0:00:30]} 17. Qxe4 {[%emt 0:00:07]} Rad8 {[%emt 0:02:30]} 18. Qc2 {[%emt 0:06:04]} h5 {[%emt 0:01:20]} 19. Rxd8 {[%emt 0:00:59]} Rxd8 {[%emt 0:00:07]} 20. Rd1 {[%emt 0:00:09]} Rxd1+ {[%emt 0:01:43]} 21. Qxd1 {[%emt 0:00:08]} Qe7 {[%emt 0:01:19]} 22. Qb3 {[%emt 0:04:08]} Kg7 {[%emt 0:02:06]} 23. Qe3 {[%emt 0:02:04]} b6 {[%emt 0:01:05]} 24. Qc3 {[%emt 0:02:01]} Qd6 {[%emt 0:02:38]} 25. Kg2 {[%emt 0:01:22]} f5 {[%emt 0:01:41]} 26. h4 {[%emt 0:02:42]} Kf6 {[%emt 0:01:29]} 27. Qe3 {[%emt 0:06:03]} c5 {[%emt 0:01:13]} 28. Qh6 {[%emt 0:03:42]} e4 {[%emt 0:01:10]} 29. Qh8+ {[%emt 0:00:27]} Ke6 {[%emt 0:00:27]} 30. Qe8+ {[%emt 0:00:48]} Kf6 {[%emt 0:01:23]} 31. Qh8+ {[%emt 0:01:14]} Ke6 {[%emt 0:03:29]} 32. Qe8+ {[%emt 0:00:13]} Kf6 {[%emt 0:00:13]} 33. Qh8+ {[%emt 0:00:10] Ke5} 1/2-1/2

[Event "4th ChessMates Murmansk 2020"]
[Site "Murmansk"]
[Date "2020.03.14"]
[Round "4.1"]
[White "Andrijashkin, Deniss"]
[Black "Galchenko, Matvey"]
[Result "0-1"]
[WhiteElo "1946"]
[BlackElo "2424"]
[Annotator "TA"]
[PlyCount "48"]
[EventDate "2020.03.13"]
[EventType "team-tourn"]
[EventCountry "RUS"]
[SourceTitle "playchess.com"]
[Source "ChessBase"]
[SourceQuality "1"]

{[%evp 17,48,13,22,13,28,31,20,22,41,40,45,38,48,6,26,20,8,0,0,0,0,-12,0,-12,0,-4,0,-59,-61,-181,-175,-448,-440]} 1. g3 f5 2. Bg2 Nf6 3. d3 d6 4. Nf3 g6 5. O-O Bg7 6. c4 O-O 7. Nc3 e5 8. a3 a5 9. Rb1 Nh5 10. Qc2 {A21: English Opening: 1...e5 2 Nc3.} f4 11. b4 axb4 12. axb4 {The position is equal.} g5 13. b5 g4 14. Nd2 Nd7 15. Bb2 Nc5 16. Ra1 Rb8 17. Nce4 Ne6 {[#]} 18. Qb3 $146 ({Predecessor:} 18. Ra7 Nf6 19. Nxf6+ Qxf6 20. Ne4 Qh6 21. Rfa1 Bd7 22. Qd1 Nd4 23. Bxd4 exd4 24. b6 cxb6 25. Rb1 Bc6 26. Rxb6 Be5 27. Qc1 Rf5 28. c5 dxc5 29. Nxc5 fxg3 {½-½ (29) Filip,M-Ivkov,B Lugano 1968}) 18... Kh8 19. Qb4 Bd7 20. Ra7 Be8 21. Qb3 Bg6 22. b6 (22. Qd1 $11) 22... c6 $15 23. c5 {[#]} (23. Qa3 $15) 23... d5 $1 $19 24. d4 $2 (24. Bc3) 24... exd4 {Accuracy: White = 64%, Black = 100%.} (24... Bxe4 25. Bxe4 Qg5 26. Qd3 $19) 0-1

[Event "4th ChessMates Murmansk 2020"]
[Site "Murmansk"]
[Date "2020.03.14"]
[Round "4.2"]
[White "Klukin, Kirill"]
[Black "Vaino, Nikita"]
[Result "1-0"]
[WhiteElo "2304"]
[BlackElo "1788"]
[Annotator "TA"]
[PlyCount "59"]
[EventDate "2020.03.13"]
[EventType "team-tourn"]
[EventCountry "RUS"]
[SourceTitle "playchess.com"]
[Source "ChessBase"]
[SourceQuality "1"]

{[%evp 16,59,34,32,94,90,141,129,147,140,131,108,187,121,114,105,106,102,116,72,114,94,101,99,143,133,160,165,176,167,181,181,181,166,206,206,236,234,271,235,379,379,417,402,616,611]} 1. Nf3 d5 2. g3 Nf6 3. Bg2 g6 4. O-O Bg7 5. c4 O-O 6. cxd5 Nxd5 7. d4 c6 8. e4 Nb6 9. h3 f5 {D74: Fianchetto Grünfeld: Main Line (5 Nf3 0-0 6 cxd5 Nxd5 7 0-0).} ({Black should play} 9... Na6 $14) 10. Qb3+ {[#]} e6 $146 ({Better is} 10... Kh8) ({Predecessor:} 10... Kh8 11. Ne5 Qe8 12. exf5 Rxf5 13. Nc3 N8d7 14. f4 Nxe5 15. dxe5 Qf7 16. Qxf7 Rxf7 17. b3 {1-0 (35) Gregor,J (2210)-Bares,J (1989) Ricany 2017}) 11. Nc3 fxe4 {White is better.} 12. Nxe4 Qd5 13. Qc2 Qc4 (13... Na6 $16 {might work better.}) 14. Qxc4 (14. Qd1 $18) 14... Nxc4 $16 15. b3 Nb6 16. Ba3 Rd8 17. Rfe1 N8d7 18. Rad1 Nd5 19. Neg5 Nf8 20. Ne5 Bxe5 21. dxe5 h6 22. Ne4 Bd7 23. h4 a5 24. Bd6 a4 25. b4 {[%cal Bb3b4,Bb4b5][%mdl 32]} Kg7 26. a3 Re8 27. Bh3 b6 {[#]} (27... Nh7 $142 28. f4 b6) 28. Nf6 $1 $18 {[%mdl 512]} Red8 {[#]} (28... Nxf6 29. exf6+) 29. b5 $1 {[%mdl 512]} Rac8 (29... Nxf6 $142 30. exf6+ Kg8) (29... cxb5 30. Nxd5) 30. Bxf8+ {Accuracy: White = 78%, Black = 30%.} 1-0

[Event "4th ChessMates Murmansk 2020"]
[Site "Murmansk"]
[Date "2020.03.14"]
[Round "4.3"]
[White "Aga, Rihard"]
[Black "Golikov, Daniil"]
[Result "1/2-1/2"]
[WhiteElo "2054"]
[BlackElo "2229"]
[Annotator "TA"]
[PlyCount "70"]
[EventDate "2020.03.13"]
[EventType "team-tourn"]
[EventCountry "RUS"]
[SourceTitle "playchess.com"]
[Source "ChessBase"]
[SourceQuality "1"]

{[%evp 12,70,3,-13,-15,-17,-35,-20,14,-25,-17,-22,-15,-25,61,62,60,33,30,27,20,17,21,20,8,8,44,34,61,16,141,85,75,16,21,27,28,3,47,47,64,64,91,95,92,90,85,85,77,77,79,71,71,53,72,72,73,15,16,20,20]} 1. d4 Nf6 2. c4 e6 3. Nc3 Bb4 4. Qc2 O-O 5. Nf3 b6 6. e3 Bb7 7. Bd3 c5 {E43: Nimzo-Indian: Rubinstein: 4...b6.} 8. a3 Bxc3+ 9. Qxc3 Ne4 10. Bxe4 (10. Qc2 $5 {[%cal Rd3e4]} f5 11. O-O $11) 10... Bxe4 11. dxc5 bxc5 12. b4 {[#]} Qf6 $146 (12... Qc7 $11) ({Predecessor:} 12... Qc7 13. Bb2 f6 14. O-O Bxf3 15. gxf3 Nc6 16. f4 Rab8 17. b5 Ne7 18. Rac1 Rfd8 {0-1 (55) Krueger,H (2119)-Kuhn,G (2076) Berlin 2015}) 13. Qxf6 $14 gxf6 14. Nd2 ({But not} 14. bxc5 Na6 $15) 14... Bd3 15. Bb2 cxb4 16. axb4 {Strongly threatening Ra3.} Nc6 17. Bc3 Rfc8 18. f4 f5 19. Ra3 Nd8 20. c5 ({Reject} 20. Bf6 $6 Bxc4 21. e4 (21. Bxd8 Bb5 $17) 21... d5 $11) 20... Nb7 {[#]} (20... a5 $11 {remains equal.}) 21. Kf2 (21. Bf6 $142 $1 Be4 22. Nxe4 fxe4 23. Kf2) 21... d6 $16 22. Bd4 ({White should play} 22. Bf6 $16 Bb5 23. e4 dxc5 24. exf5) 22... Bb5 $11 23. Rc1 {Black should prevent e4.} a5 24. bxa5 (24. e4 {keeps more tension.} Ra6 25. e5 dxe5 26. Bxe5 f6 27. Bxf6 axb4 28. Rxa6 Bxa6 29. c6) 24... dxc5 25. Bc3 Nd6 26. Be5 Ne4+ 27. Nxe4 fxe4 28. Bd6 c4 29. Be5 Rd8 30. Bd4 Rd5 31. Rca1 {a6 is the strong threat.} Ra6 32. R3a2 Kf8 33. Rb1 Ke8 34. Rab2 ({White should try} 34. g4 $16) 34... Rxa5 35. Bb6 c3 {Accuracy: White = 72%, Black = 64%.} 1/2-1/2

[Event "4th ChessMates Murmansk 2020"]
[Site "Murmansk"]
[Date "2020.03.14"]
[Round "4.4"]
[White "Vetrov, Ivan"]
[Black "Nikitin, Arseni EST"]
[Result "1/2-1/2"]
[WhiteElo "1799"]
[BlackElo "1680"]
[Annotator "NA RC"]
[PlyCount "30"]
[EventDate "2020.03.13"]
[EventType "team-tourn"]
[EventCountry "RUS"]
[SourceTitle "playchess.com"]
[Source "ChessBase"]
[SourceQuality "1"]
[TimeControl "5400+30"]

1. d4 {[%emt 0:00:00]} d5 {[%emt 0:00:00]} 2. c4 {[%emt 0:00:00]} c6 {[%emt 0:00:00]} 3. Nf3 Nf6 4. e3 {[%emt 0:01:06]} Bf5 {[%emt 0:00:01]} 5. Be2 {[%emt 0:02:05]} h6 {[%emt 0:01:14]} 6. Qb3 {[%emt 0:01:58]} Qc7 {[%emt 0:02:25]} 7. O-O {[%emt 0:08:50]} e6 {[%emt 0:00:05]} 8. Bd2 {[%emt 0:02:10]} Nbd7 {[%emt 0:00:17]} 9. Bb4 {[%emt 0:02:24]} Qb6 {[%emt 0:03:12]} 10. Bxf8 {[%emt 0:07:36]} Qxb3 {[%emt 0:00:07]} 11. axb3 {[%emt 0:00:07]} Rxf8 {[%emt 0:00:17]} 12. Nc3 {[%emt 0:01:40]} Ke7 {[%emt 0:00:16]} 13. cxd5 {[%emt 0:08:44]} exd5 {[%emt 0:00:14]} 14. b4 {[%emt 0:01:57]} a6 {[%emt 0:01:40]} 15. Na4 {[%emt 0:00:56]} Rab8 {[%emt 0:00:33]} 1/2-1/2

[Event "4th ChessMates Murmansk 2020"]
[Site "Murmansk"]
[Date "2020.03.14"]
[Round "4.5"]
[White "Rikas, Artur"]
[Black "Zhuravlev, Aleksandr"]
[Result "1/2-1/2"]
[WhiteElo "1580"]
[BlackElo "2059"]
[Annotator "TA"]
[PlyCount "57"]
[EventDate "2020.03.13"]
[EventType "team-tourn"]
[EventCountry "RUS"]
[SourceTitle "playchess.com"]
[Source "ChessBase"]
[SourceQuality "1"]

{[%evp 18,57,101,93,110,108,115,84,110,110,132,108,120,134,144,138,152,124,154,150,164,135,179,131,117,92,93,97,98,90,108,68,63,68,78,77,166,176,170,38,47,0]} 1. e4 e6 2. d4 d5 3. e5 c5 4. c3 Qb6 5. Nf3 Nc6 6. Be2 cxd4 7. cxd4 Bb4+ 8. Nc3 Nge7 9. O-O Bxc3 10. bxc3 Bd7 {C02: French: Advance Variation.} 11. Bd3 Qa5 {[#]} 12. Qb3 $146 ({Predecessor:} 12. Bd2 Qc7 13. Qe2 Rc8 14. Nh4 Na5 15. Qg4 Ng6 16. f4 Nxh4 17. Qxh4 Nc4 18. Bxc4 Qxc4 19. Qg3 {½-½ (26) Mukhamadeev,R (2092)-Romanov,V (1977) Novosibirsk 2012}) 12... Qc7 {White is better.} 13. Ba3 Bc8 14. Rab1 h6 15. Bd6 Qd7 16. Qa3 O-O 17. Nh4 Rd8 18. f4 f5 19. Rf3 Qe8 20. Rg3 b6 21. Rxb6 axb6 22. Qxa8 {Bc7 is the strong threat.} Bd7 23. Qb7 Ra8 24. Bb5 {And now Bxe7 would win.} Ra7 $1 {[%cal Ra7b7]} 25. Qxb6 {aiming for Bxe7.} Nc8 $1 {[%cal Rc8b6]} 26. Qc5 Rxa2 {[#]} (26... Nxd4 $16 27. Bxd7 (27. Qxd4 Bxb5 28. h3 Qc6 $14) 27... Ne2+ 28. Kf2 Qxd7 29. Kxe2 Rxa2+ 30. Kf3 d4 31. Nxf5 (31. Qxd4 $2 Qb7+ 32. Ke3 Qb2 $19) 31... exf5 32. Qd5+ (32. Qxd4 $2 Qb5 $19) (32. Qc4+ Qf7 $16) 32... Qf7 33. Qxf7+ Kxf7) 27. h3 $1 $18 Ra5 {[#]} 28. Bc7 (28. c4 $1 $18) 28... Ra7 $14 29. Bd6 {Accuracy: White = 48%, Black = 79%.} 1/2-1/2

[Event "4th ChessMates Murmansk 2020"]
[Site "Murmansk"]
[Date "2020.03.14"]
[Round "4.6"]
[White "Kataev, Aleksandr"]
[Black "Myskovski, Deniss"]
[Result "1-0"]
[WhiteElo "1978"]
[BlackElo "1205"]
[Annotator "TA"]
[PlyCount "39"]
[EventDate "2020.03.13"]
[EventType "team-tourn"]
[EventCountry "RUS"]
[SourceTitle "playchess.com"]
[Source "ChessBase"]
[SourceQuality "1"]

{[%evp 9,39,139,180,106,116,109,113,108,154,141,284,286,317,304,314,293,277,241,394,202,235,235,318,270,1258,1224,1444,1465,1360,1380,2130,2106]} 1. d4 d5 2. Nf3 Nc6 3. c4 Bg4 4. Nc3 dxc4 5. d5 Bxf3 6. gxf3 {D07: Queen's Gambit: Chigorin Defence.} (6. exf3 $18 {Threatens to win with Qa4.} Ne5 7. Bf4 Nd3+ 8. Bxd3 cxd3 9. Qxd3) 6... Ne5 $16 7. f4 {[%mdl 1024] White has strong compensation.} Nd7 8. e4 {White is better.} Nb6 9. Be3 {[#]} Qd7 $146 {This costs Black the game.} (9... Nf6 $16 {is a better defense.}) ({Predecessor:} 9... e6 10. dxe6 Qxd1+ 11. Rxd1 fxe6 12. Nb5 Bb4+ 13. Ke2 Kf7 14. Nxc7 Rc8 15. Nxe6 Nf6 {½-½ (49) Stremavicius,T (2284)-Vedrickas,T (2330) Vilnius 2014}) 10. a4 $18 {[%cal Ba2a4,Ba4a5][%mdl 32]} e6 11. a5 Nc8 12. dxe6 ({Don't do} 12. Bxc4 exd5 13. Qxd5 Nd6 $18) 12... Qxe6 13. Nd5 {[%cal Bc3d5,Bd5c7,Bc7a8][%mdl 32]} Qd7 $2 (13... Qc6 {might work better.} 14. Qd4 Nd6) 14. Bxc4 (14. a6 $142 b6 {[#]} 15. Bh3 $1 {[%mdl 512]} (15. Bxc4 c6 $16)) 14... Nge7 15. a6 $40 {[%mdl 128] Black is in trouble.} b6 16. Rc1 {[%cal Ba1c1,Bc1c4,Bc4c6][%mdl 32] Strongly threatening Nxc7+!} Nd6 $2 {[#]} (16... c6) 17. Nxc7+ $1 {[%mdl 576] Double Attack. White is clearly winning.} Kd8 (17... Qxc7 18. Bxf7+) 18. Nxa8 Nxc4 19. Rxc4 {White threatens Rd4! and mate.} Nc6 20. Rxc6 {Accuracy: White = 71%, Black = 12%.} 1-0